| 000 | 00822nam a22002297a 4500 | ||
|---|---|---|---|
| 999 |
_c20226 _d20226 |
||
| 003 | AR-CdUCM | ||
| 008 | 190528b ||||| |||| 00| 0 spa d | ||
| 040 |
_aMUNICIPALIDAD PROVINCIAL DEL CUSCO _cBIBLIOTECA MUNICIPAL DEL CUSCO |
||
| 041 | _hger | ||
| 082 |
_a510 / _bC75 _24ed. |
||
| 100 |
_aColerus, Egmont _921462 |
||
| 245 |
_aDe la tabla de multiplicar a la integral : _bLas matemáticas para todos / |
||
| 260 |
_aEspaña : _bLabor, _c1959. |
||
| 300 |
_a343 páginas ; _c22 cm. _bGráficos. |
||
| 505 | _aContenido: La verdadera cabala -- El sistema decimal -- Sistema de numeración no decimal... | ||
| 650 |
_aMatemática _919387 |
||
| 650 |
_aTeorema de Pitágoras _942281 |
||
| 650 |
_aGeometría _919405 |
||
| 700 |
_aSoler Carreras, David(traductor) _942282 |
||
| 942 |
_2ddc _cLIBROS |
||
| 945 | _aJavier | ||